000 004600000a22001930004500
001 003461
003 MACL
005 20150709154204.0
008 150709b xxu||||| |||| 00| 0 eng d
040 _aMACL
_cMACL
041 _aEnglish
082 _a305.4/RAO
100 _aRao, V M
_91584
245 _aTribal Women in India
_cV M Rao
260 _aJaipur
_c2006
_bABD Publication,
350 _a625
650 _aSocial Groups
_91429
942 _k305
_cBK
_2ddc
999 _c15362
_d15362